00473nam a2200157Ia 4500003000900000008004100009020002200050040001600072080001300088100002400101245010000125260004300225300001400268650001700282650001600299IN-BaIIA211028s9999 xx 000 0 eng d a978-81-224-0660-3 cIIA Library a524bKRI aKrishna Swamy, K. S 0aAstrophysicsba modern perspectivecK. S Krishna Swamy  aNew DelhibNew Age Internationalc1996 axi, 330p. aAstrophysics aPerspective